000 004550000a22001810004500
003 MACL
005 20160128173143.0
008 160128b xxu||||| |||| 00| 0 eng d
040 _aMACL
_cmalc
041 _aEnglish
082 _a920/BOY
100 _aWiwa, Ken Saro
_935140
245 _aA Month and a Day
_bA Detention Diary
260 _bPenguin Books
_c.1995
_aEngland
350 _a99
650 _aAutobiography
_935141
942 _cBK
_k920/BOY
_2ddc
999 _c31725
_d31725